000 00303 a2200145 4500
001 168725
020 _a
040 _cMagnum
100 _aRosell, Josep
240 1 0 _aA terra e sua. cuide dela!
_lpor
245 1 0 _aA terra e sua. cuide dela!
362 0 _a1899
697 _aECOLOGIA
942 _cBK
999 _c168725
_d168725